000 01036nam0a22002771 4500
001 rc\4899864
005 20250613033153.0
021 _aRU
_b[61-37600]
035 _a(NLR Aleph) 008928013
090 _a8866608
_c8866608
100 _a20130426d1961 |||y0rusy50 ca
101 0 _arus
102 _aRU
105 _aac z |||||
200 1 _aНаш опыт выращивания хороших и устойчивых урожаев
210 _aТула
_cКн. изд-во
_d1961
215 _a47 с., 1 л. портр.
_cил.
_d20
225 1 _aМаяки сельского хозяйства
300 _aПеред загл. авт.: П.В. Чебукин, дир. совхоза "Красный богатырь" Сталиногор. района
606 _aРастениеводство
_yТульская область
_2psbo
700 1 _aЧебукин
_bП.В.
_gПавел Васильевич
801 0 _aRU
_bNLR
_gpsbo
801 1 _aRU
_bELAR
_2rusmarc
852 _aNLR
_j61-4/8447
942 _cBOOK
980 _aNB